Quebec quiz - Statistics

General Stats
  • This quiz has been taken 159 times
  • The average score is 7 of 10
Answer Stats
Question Answer % Correct
What is the main language? French
100%
In what country is the province of quebec? Canada
99%
The capital? Quebec
97%
Biggest city? Montreal
96%
Most popular meal Poutine
94%
What colors are the flag? Blue and white
84%
The biggest river? St-lawrence
70%
Founder of the province of quebec? Samuel de Champlain
41%
Their motto? Je me souviens
39%
The emblem flower? Iris
13%
No matching quizzes found
Score Distribution
Percent of People with Each Score
Percentile by Number Answered
Your Score History
You have not taken this quiz